[Event "582"]
[Site "http://www.queenalice.com/game.php?id=406685"]
[Date "2008.5.22"]
[Round "-"]
[White "Kieran"]
[Black "phystutordotcom"]
[Result "0-1"]
[WhiteElo "1100"]
[BlackElo "2036"]

1. e4 g6 2. e5 Bg7 3. d4 c5 4. Nf3 cxd4 5. Qxd4 Nc6 6. Qf4 Qa5+ 7. Bd2 Qb6 8.
Ng5 Nh6 9. Na3 Qxb2 10. Rc1 Qxa3 11. Rd1 O-O 12. Qe3 Qxe3+ 13. Bxe3 Nxe5 14. Be2
d6 15. Bd4 Nc6 16. O-O Nxd4 17. Bc4 Bf5 18. Rxd4 Bxd4 19. Nf3 Bg7 20. Re1 e6 21.
Ng5 d5 22. Bd3 Bxd3 23. cxd3 Rac8 24. g3 Rc2 25. Rb1 b6 26. a4 Rfc8 27. Rb5 Ra2
28. d4 Rcc2 29. a5 Bxd4 30. axb6 Bxb6 0-1

[Event "AUTO-OPEN-1140"]
[Site "http://www.queenalice.com/game.php?id=406837"]
[Date "2008.5.23"]
[Round "1"]
[White "RDario"]
[Black "Kieran"]
[Result "0-1"]
[WhiteElo "1998"]
[BlackElo "1100"]

1. c4 d5 2. cxd5 Qxd5 3. Nc3 Qc5 4. Nf3 Nc6 5. g3 Bg4 6. Bg2 Bxf3 7. Bxf3 O-O-O
8. Ne4 Qf5 9. e3 Ne5 10. Bg2 Nf6 11. Nxf6 Nd3+ 12. Kf1 Qxf2# 0-1

[Event "AUTO-OPEN-1140"]
[Site "http://www.queenalice.com/game.php?id=406838"]
[Date "2008.5.23"]
[Round "1"]
[White "Kieran"]
[Black "RDario"]
[Result "0-1"]
[WhiteElo "1115"]
[BlackElo "1968"]

1. d4 c6 2. e4 d5 3. e5 Bf5 4. Na3 h5 5. c4 dxc4 6. Nxc4 e6 7. Nd6+ Bxd6 8. exd6
Qxd6 9. Be2 Nf6 10. Nf3 Nbd7 11. O-O O-O-O 12. Ng5 Rdf8 13. g3 Ne4 14. Nxe4 Bxe4
15. Bf4 Qd5 16. f3 Bf5 17. g4 hxg4 18. fxg4 Be4 19. Be5 Nxe5 20. dxe5 Qxe5 21.
Rf2 Rh3 22. Qa4 Kb8 23. Rd1 Rfh8 24. Kf1 Rxh2 25. Ke1 Rh1+ 26. Rf1 Rxf1+ 27. Kd2
Qxb2+ 28. Ke3 Rxd1 29. Bxd1 f5 30. Bb3 Rh3+ 31. Kf4 Qf6 32. Bd1 e5# 0-1

[Event "AUTO-OPEN-1140"]
[Site "http://www.queenalice.com/game.php?id=406885"]
[Date "2008.5.23"]
[Round "1"]
[White "Kieran"]
[Black "Lord_Lelis"]
[Result "1/2-1/2"]
[WhiteElo "1100"]
[BlackElo "1823"]

1. e4 e5 2. d4 exd4 3. Qxd4 Nc6 4. Qe3 b6 5. Nc3 Bc5 6. Qf3 Nd4 7. Qd3 Qf6 8.
Nd5 Qe5 9. Bf4 Nf3+ 10. Nxf3 Qxb2 11. Rd1 Bd6 12. Bxd6 cxd6 13. Nc7+ Kd8 14.
Nxa8 Ne7 15. Qxd6 Qxc2 16. Ba6 Qxe4+ 17. Be2 Qxa8 18. Ne5 Ke8 19. Nxd7 Qxg2 20.
Ne5 Qxh1+ 21. Bf1 Qe4+ 22. Be2 Qh1+ 23. Bf1 Qe4+ 24. Be2 Qh1+ 25. Bf1 1/2-1/2

[Event "AUTO-OPEN-1140"]
[Site "http://www.queenalice.com/game.php?id=406886"]
[Date "2008.5.23"]
[Round "1"]
[White "Lord_Lelis"]
[Black "Kieran"]
[Result "1-0"]
[WhiteElo "1854"]
[BlackElo "1130"]

1. e4 d5 2. exd5 Qxd5 3. Nc3 Qe6+ 4. Be2 Nc6 5. Nf3 h6 6. O-O Bd7 7. d4 Qg6 8.
Ne4 Qxe4 9. Re1 Qd5 10. Be3 e5 11. Bd2 e4 12. a3 O-O-O 13. c4 Qf5 14. Nh4 Qf6
15. d5 Nd4 16. Bc3 g5 17. Bxd4 Qf4 18. g3 Qd6 19. Bxh8 gxh4 20. Qd4 hxg3 21.
Qxa7 c6 22. fxg3 cxd5 23. Rac1 Ne7 24. Red1 Bc6 25. Bg4+ f5 26. cxd5 Nxd5 27.
Bxf5+ Kc7 28. Bxe4 Qe6 29. Bxd5 Rxd5 30. Bd4 h5 31. Bb6+ Kd6 32. Qb8+ Ke7 33.
Re1 Qxe1+ 34. Rxe1+ Kf7 35. Qf4+ Kg8 36. Rf1 Bg7 37. h4 Bb5 38. Qf7+ Kh7 39.
Qxd5 Bxf1 40. Qf5+ Kh8 41. Qxf1 Bxb2 42. Bd8 Bxa3 43. Qa1+ Kg8 44. Qxa3 1-0

[Event "Let's Play Chess!"]
[Site "http://www.queenalice.com/game.php?id=408178"]
[Date "2008.5.26"]
[Round "-"]
[White "Kieran"]
[Black "spawnwolfwolverine"]
[Result "0-1"]
[WhiteElo "1130"]
[BlackElo "1514"]

1. Nf3 e6 2. e4 b6 3. e5 Bb7 4. d4 d5 5. exd6 Qxd6 6. Nc3 Bxf3 7. gxf3 c5 8. Nb5
Qd7 9. Qd3 cxd4 10. f4 Bb4+ 11. c3 dxc3 12. bxc3 Qxd3 13. Bxd3 Bxc3+ 14. Nxc3
Nf6 15. Nb5 Na6 16. O-O O-O 17. Nd6 Nc5 18. Bc4 Rfd8 19. Rd1 Nfe4 20. Ba3 Nc3
21. Rdc1 Rxd6 22. Rxc3 Rd4 23. Bxc5 bxc5 24. Rac1 Rad8 25. Be2 g6 26. Rxc5 Rd2
27. Bf3 Rxa2 28. Rc7 a5 29. Bd1 a4 30. R1c4 Rxd1+ 31. Kg2 Rdd2 32. Rc8+ Kg7 33.
Kg3 Rxf2 34. Kg4 a3 35. Kg5 Rg2+ 36. Kh4 Rxh2+ 37. Kg5 Rag2# 0-1

[Event "Let's Play Chess!"]
[Site "http://www.queenalice.com/game.php?id=415065"]
[Date "2008.6.9"]
[Round "-"]
[White "Kieran"]
[Black "quebec"]
[Result "0-1"]
[WhiteElo "1118"]
[BlackElo "1644"]

1. d4 d5 2. Nc3 c6 3. e4 dxe4 4. Nxe4 Nf6 5. Nc3 Nd5 6. Bc4 e6 7. Bxd5 cxd5 8.
Nf3 Bd6 9. g3 O-O 10. O-O Nd7 11. Bf4 Bxf4 12. gxf4 Qf6 13. Ne2 Qe7 14. Qd3 Nf6
15. Ng5 h6 16. Nf3 Ne4 17. Ne5 Qh4 18. f3 f5 19. Ng6 Qf6 20. Nxf8 Qxf8 0-1

[Event "Kraj´s Game"]
[Site "http://www.queenalice.com/game.php?id=415415"]
[Date "2008.6.10"]
[Round "-"]
[White "Krajnicov"]
[Black "Kieran"]
[Result "1-0"]
[WhiteElo "1404"]
[BlackElo "1129"]

1. e4 d5 2. Qf3 Nf6 3. c4 dxe4 4. Qf4 e6 5. h4 Bd6 6. Qg5 e5 7. Qxg7 Rg8 8. Qh6
Nc6 9. d3 exd3 10. Bxd3 e4 11. Bc2 Nd4 12. Ba4+ Bd7 13. Bb3 Qe7 14. Qg5 Rxg5 15.
hxg5 Ng4 16. Rxh7 e3 17. Bxe3 Nxe3 18. fxe3 Qxe3+ 19. Kd1 Bg4+ 20. Nf3 1-0

[Event "Come on baby light my fire!"]
[Site "http://www.queenalice.com/game.php?id=415620"]
[Date "2008.6.10"]
[Round "-"]
[White "Kieran"]
[Black "SRIVERO"]
[Result "0-1"]
[WhiteElo "1130"]
[BlackElo "1601"]

1. e4 c5 2. e5 d6 3. exd6 Qxd6 4. Nf3 Bg4 5. Be2 Nf6 6. Nh4 h5 7. Bxg4 Nxg4 8.
Nf3 g6 9. Ng5 Qe5+ 10. Qe2 Qxg5 11. h3 Nf6 12. b3 Qxg2 13. Rf1 Qxh3 14. Ba3 Bg7
15. Bxc5 O-O 16. Bxe7 Re8 17. Nc3 Nc6 18. O-O-O Rxe7 19. Qc4 Rd8 20. Nb5 Nd5 21.
Qc5 Bf8 22. c4 Ndb4 23. Nxa7 Nxa2+ 24. Kb2 Ncb4 25. Qc7 Rxc7 26. Nb5 Rcd7 27.
Nc3 Rxd2+ 28. Ka3 Ra8+ 29. Na4 Nd3+ 0-1

[Event "Let's Play Chess!"]
[Site "http://www.queenalice.com/game.php?id=419750"]
[Date "2008.6.19"]
[Round "-"]
[White "therota2"]
[Black "Kieran"]
[Result "0-1"]
[WhiteElo "1165"]
[BlackElo "1043"]

1. d4 d5 2. Nc3 Nf6 3. Nf3 Nc6 4. Bf4 h6 5. Qd3 Nb4 6. O-O-O Nxd3+ 7. Rxd3 Ng4
8. Be3 f5 9. h3 Nf6 10. b3 Be6 11. Nb5 Qd7 12. a4 a6 13. Ne5 Qd8 14. Rc3 axb5
15. axb5 Ne4 16. Ng6 Rg8 17. Rc5 Nxc5 18. dxc5 c6 19. g4 cxb5 20. g5 d4 0-1

[Event "AUTO-BEG-227"]
[Site "http://www.queenalice.com/game.php?id=421632"]
[Date "2008.6.22"]
[Round "1"]
[White "Kieran"]
[Black "AlexsandroB"]
[Result "0-1"]
[WhiteElo "1056"]
[BlackElo "1436"]

1. e4 c5 2. e5 e6 3. d4 cxd4 4. Qxd4 Nc6 5. Qe3 Qa5+ 6. Bd2 Qxe5 7. Nf3 Qxe3+ 8.
Bxe3 Nf6 9. Be2 Bb4+ 10. c3 Be7 11. O-O d5 12. Na3 a6 13. b4 Ne4 14. Bd4 Nxd4
15. cxd4 Bxb4 0-1

[Event "AUTO-BEG-227"]
[Site "http://www.queenalice.com/game.php?id=421633"]
[Date "2008.6.22"]
[Round "1"]
[White "AlexsandroB"]
[Black "Kieran"]
[Result "1-0"]
[WhiteElo "1438"]
[BlackElo "1055"]

1. d4 d5 2. c4 dxc4 3. Nc3 e6 4. Nf3 Nc6 5. e3 f6 6. Bxc4 Bb4 7. O-O Bxc3 8.
bxc3 e5 9. d5 Na5 10. Qa4+ Bd7 11. Qxa5 b6 12. Qb4 a5 13. Qb3 Ne7 14. e4 Qb8 15.
Ba3 1-0

[Event "AUTO-BEG-227"]
[Site "http://www.queenalice.com/game.php?id=421634"]
[Date "2008.6.22"]
[Round "1"]
[White "Kieran"]
[Black "waganso"]
[Result "0-1"]
[WhiteElo "1028"]
[BlackElo "1431"]

1. e4 e5 2. Nf3 Nc6 3. c3 d6 4. d4 f6 5. d5 Na5 6. Na3 Bg4 7. h3 Bh5 8. b4 Nc6
9. dxc6 bxc6 10. g4 Bg6 0-1

[Event "AUTO-BEG-227"]
[Site "http://www.queenalice.com/game.php?id=421635"]
[Date "2008.6.22"]
[Round "1"]
[White "waganso"]
[Black "Kieran"]
[Result "1-0"]
[WhiteElo "1429"]
[BlackElo "1030"]

1. b3 d5 2. Bb2 c5 3. e3 Nf6 4. Bb5+ Bd7 5. c4 d4 6. exd4 cxd4 7. Bxd4 Bxb5 8.
cxb5 Qxd4 9. Nc3 a6 10. Nf3 Qd6 11. O-O 1-0